[Event "8eme Open International de La Fere"]
[Site "La Fere (FRA)"]
[Date "2009.07.05"]
[Round "2.59"]
[White "Belloc, Clemence"]
[Black "Vernede, Simon"]
[Result "1/2-1/2"]
[WhiteElo "1300"]
[BlackElo "1099"]
[PlyCount "44"]
[EventDate "2009.??.??"]

1. e4 e5 2. Nf3 Nc6 3. Bc4 Nf6 4. Nc3 Bb4 5. a3 Bxc3 6. bxc3 O-O 7. d3 d5 8.
exd5 Nxd5 9. Bxd5 Qxd5 10. O-O e4 11. Ng5 f6 12. Nxe4 Bf5 13. Ng3 Qd7 14. Qf3
Ne7 15. a4 c6 16. Ba3 Bg4 17. Qe4 Rfe8 18. Bxe7 Rxe7 19. Qf4 Rae8 20. h3 Be6
21. Rfe1 Bf7 22. Rxe7 Qxe7 1/2-1/2

[Event "8eme Open International de La Fere"]
[Site "La Fere (FRA)"]
[Date "2009.07.05"]
[Round "2.60"]
[White "Cherief, Hicham"]
[Black "Baye, Dylan"]
[Result "1-0"]
[WhiteElo "1199"]
[BlackElo "1050"]
[PlyCount "45"]
[EventDate "2009.??.??"]

1. e4 c5 2. Nf3 Nc6 3. d3 Nf6 4. Be3 d6 5. Nc3 g6 6. h3 Bg7 7. Qd2 O-O 8. g4 b6
9. Be2 Rb8 10. g5 Nd7 11. h4 Nd4 12. h5 Nxf3+ 13. Bxf3 Ne5 14. Be2 Bg4 15.
O-O-O Bxe2 16. Qxe2 gxh5 17. Qxh5 Re8 18. Rdg1 f6 19. f4 Nd7 20. f5 Ne5 21.
Qxh7+ Kf8 22. gxf6 Bxf6 23. Qg8# 1-0

[Event "8eme Open International de La Fere"]
[Site "La Fere (FRA)"]
[Date "2009.07.05"]
[Round "2.61"]
[White "Degraeve, Remy"]
[Black "Neumair, Dorian"]
[Result "0-1"]
[WhiteElo "1009"]
[BlackElo "1196"]
[PlyCount "24"]
[EventDate "2009.??.??"]

1. d4 d5 2. Nc3 Nf6 3. Bg5 Nc6 4. Nf3 Bg4 5. e3 a6 6. Bd3 e6 7. O-O h6 8. h3
hxg5 9. hxg4 Nxg4 10. Nxg5 Qxg5 11. Be2 Qh4 12. Bxg4 Qh1# 0-1

[Event "8eme Open International de La Fere"]
[Site "La Fere (FRA)"]
[Date "2009.07.05"]
[Round "2.62"]
[White "Van Poucke, Guy"]
[Black "Devoitine, Vincianne"]
[Result "1-0"]
[WhiteElo "1190"]
[BlackElo "1040"]
[PlyCount "80"]
[EventDate "2009.??.??"]

1. e4 e5 2. Nf3 Nc6 3. Nc3 Bc5 4. d3 d6 5. Be2 Nf6 6. Bg5 Bd7 7. O-O h5 8. Bxf6
gxf6 9. Nd5 Be6 10. c3 Bxd5 11. exd5 Na5 12. b4 Bb6 13. bxa5 Bxa5 14. Qa4+ Qd7
15. Qxa5 Rg8 16. d4 c6 17. dxe5 dxe5 18. dxc6 bxc6 19. Nxe5 fxe5 20. Rae1 Kf8
21. Bf3 Rg5 22. Rxe5 Rxe5 23. Qxe5 Re8 24. Qh8+ Ke7 25. Re1+ Kd8 26. Rxe8+ Qxe8
27. Qd4+ Qd7 28. Qxd7+ Kxd7 29. h4 f6 30. g4 c5 31. c4 Kd6 32. Bd5 Ke5 33. Kg2
Kf4 34. f3 Ke5 35. Kg3 a6 36. f4+ Kd6 37. g5 fxg5 38. hxg5 a5 39. a4 Kd7 40.
Kh4 Kc7 1-0

[Event "8eme Open International de La Fere"]
[Site "La Fere (FRA)"]
[Date "2009.07.05"]
[Round "2.63"]
[White "Rousseaux, Dorian"]
[Black "Jacob, Guillaume"]
[Result "0-1"]
[WhiteElo "1009"]
[BlackElo "1150"]
[PlyCount "28"]
[EventDate "2009.??.??"]

1. c4 e5 2. Nc3 d6 3. a4 Nf6 4. Nf3 b6 5. Ra3 d5 6. Rb3 dxc4 7. Ra3 Bxa3 8.
bxa3 e4 9. Bb2 exf3 10. exf3 Qe7+ 11. Qe2 Qxe2+ 12. Bxe2 Be6 13. Bxc4 Bxc4 14.
Ba1 O-O 0-1

[Event "8eme Open International de La Fere"]
[Site "La Fere (FRA)"]
[Date "2009.07.06"]
[Round "3.2"]
[White "Manolache, Marius"]
[Black "Degraeve, Jean-Marc"]
[Result "1-0"]
[WhiteElo "2479"]
[BlackElo "2559"]
[PlyCount "65"]
[EventDate "2009.??.??"]

1. d4 d6 2. Nf3 g6 3. c4 Bg7 4. Nc3 c5 5. d5 Nf6 6. h3 O-O 7. e4 e6 8. Bd3 exd5
9. cxd5 b5 10. O-O a6 11. Bf4 Re8 12. Re1 Qb6 13. a4 c4 14. Bf1 b4 15. a5 Qc7
16. Na4 Nbd7 17. Nd2 c3 18. bxc3 bxc3 19. Nc4 Rxe4 20. Bxd6 Qd8 21. Nxc3 Rxe1
22. Qxe1 Bb7 23. Rd1 Ne8 24. Na4 Nxd6 25. Nxd6 Qc7 26. Qe7 Qc2 27. Qxf7+ Kh8
28. Re1 Qxa4 29. Re8+ Nf8 30. Re7 Qd4 31. Rxb7 Rd8 32. Ne8 Bh6 33. Nf6 1-0

[Event "8eme Open International de La Fere"]
[Site "La Fere (FRA)"]
[Date "2009.07.06"]
[Round "3.3"]
[White "Mulder, Bart-Piet"]
[Black "Riff, Jean-Noel"]
[Result "0-1"]
[WhiteElo "2212"]
[BlackElo "2505"]
[PlyCount "60"]
[EventDate "2009.??.??"]

1. Nf3 Nf6 2. g3 b5 3. Bg2 Bb7 4. d4 e6 5. c3 c5 6. O-O Be7 7. Bg5 cxd4 8. cxd4
O-O 9. a3 a5 10. Nbd2 d6 11. Qb1 Nbd7 12. e4 h6 13. Bxf6 Bxf6 14. Qd3 d5 15. e5
Be7 16. b4 Qb6 17. bxa5 Rxa5 18. Rfb1 Rfa8 19. Ne1 Bxa3 20. Nc2 Be7 21. Rxa5
Rxa5 22. Nb3 Ra8 23. Bf1 Bc6 24. Qd2 Ra4 25. Nc1 b4 26. Nd3 b3 27. Na1 Qxd4 28.
Nxb3 Qa7 29. Nf4 Nxe5 30. Qc3 d4 0-1

[Event "8eme Open International de La Fere"]
[Site "La Fere (FRA)"]
[Date "2009.07.06"]
[Round "3.6"]
[White "Nanu, Ciprian-Costica"]
[Black "Schmidt, Raul"]
[Result "1/2-1/2"]
[WhiteElo "2535"]
[BlackElo "2377"]
[PlyCount "143"]
[EventDate "2009.??.??"]

1. d4 Nf6 2. Nf3 g6 3. Bg5 Bg7 4. Nbd2 h6 5. Bh4 c5 6. e3 cxd4 7. exd4 O-O 8.
Bc4 Nc6 9. c3 d6 10. O-O Qc7 11. Re1 e5 12. Bb3 Bf5 13. Nc4 e4 14. Nfd2 Ne7 15.
Bxf6 Bxf6 16. Ne3 Qc6 17. g4 Bd7 18. Nxe4 Bh4 19. Qf3 d5 20. Nxd5 Nxd5 21. Bxd5
Qb6 22. Nc5 Rad8 23. Nxd7 Rxd7 24. Re2 Bd8 25. Rae1 Kg7 26. Bb3 Rd6 27. Re8 Rf6
28. Qd5 Qc7 29. Rxf8 Kxf8 30. Re3 h5 31. gxh5 Qf4 32. Qxd8+ Kg7 33. Qxf6+ Qxf6
34. hxg6 fxg6 35. Bc2 Qg5+ 36. Kf1 Qb5+ 37. Kg2 Qxb2 38. Bb3 a5 39. h4 b5 40.
Re7+ Kf8 41. Rf7+ Ke8 42. Rf3 a4 43. Bd5 Kd7 44. Re3 Kd6 45. Bf7 Qc2 46. Kg3
Qb1 47. Kg2 Qf5 48. Bg8 Qg4+ 49. Rg3 Qe4+ 50. Kg1 Qe1+ 51. Kg2 Qe8 52. Bh7 Qf7
53. Bxg6 Qxa2 54. Rf3 Ke7 55. h5 Qd5 56. Bb1 Qxh5 57. Ba2 Qg6+ 58. Rg3 Qc2 59.
Bg8 a3 60. Bd5 a2 61. Bxa2 Qxa2 62. Rg5 Qb1 63. Rc5 Kd6 64. Kf3 Qf1 65. Ke3
Qc1+ 66. Ke2 Qa3 67. Rxb5 Qxc3 68. Re5 Qxd4 69. Re3 Qc4+ 70. Ke1 Kd5 71. Rg3
Ke5 72. Re3+ 1/2-1/2

[Event "8eme Open International de La Fere"]
[Site "La Fere (FRA)"]
[Date "2009.07.06"]
[Round "3.7"]
[White "Gozzoli, Yannick"]
[Black "Louis, Andre"]
[Result "1-0"]
[WhiteElo "2498"]
[BlackElo "1862"]
[PlyCount "49"]
[EventDate "2009.??.??"]

1. d4 d5 2. c4 dxc4 3. Nf3 Nf6 4. Nc3 e6 5. e4 c5 6. d5 exd5 7. e5 d4 8. exf6
dxc3 9. Qxd8+ Kxd8 10. Ng5 Be6 11. Nxe6+ fxe6 12. Bxc4 Nd7 13. bxc3 Nxf6 14.
Bf4 Ke7 15. O-O-O Rd8 16. Rde1 Kf7 17. Rxe6 b5 18. Rd6+ bxc4 19. Rxd8 Ne4 20.
Kc2 g5 21. Be3 Rg8 22. Rb1 Rg6 23. f3 Nf6 24. Rb7+ Kg8 25. Bxc5 1-0

[Event "8eme Open International de La Fere"]
[Site "La Fere (FRA)"]
[Date "2009.07.06"]
[Round "3.8"]
[White "Parent, Henri"]
[Black "Goldsztejn, Gildas"]
[Result "0-1"]
[WhiteElo "1600"]
[BlackElo "2403"]
[PlyCount "54"]
[EventDate "2009.??.??"]

1. Nf3 Nf6 2. d4 c5 3. d5 d6 4. c4 e6 5. Nc3 exd5 6. cxd5 g6 7. Bg5 h6 8. Bxf6
Qxf6 9. Nb5 Na6 10. Rb1 Bg7 11. e4 O-O 12. a3 Qe7 13. Nd2 Bd7 14. b4 f5 15. Qf3
fxe4 16. Qxe4 Qf6 17. Qf3 Rae8+ 18. Kd1 Qe5 19. Qb3 Rxf2 20. Bd3 Qf4 21. Qc2 c4
22. Bxc4 Bf5 23. Bd3 Ree2 24. Qc8+ Bxc8 25. Bxe2 Bg4 26. Nf3 Qe4 27. Re1 Qxb1+
0-1

[Event "8eme Open International de La Fere"]
[Site "La Fere (FRA)"]
[Date "2009.07.06"]
[Round "3.9"]
[White "Marzolo, Cyril"]
[Black "Jimenez, Martin"]
[Result "1-0"]
[WhiteElo "2443"]
[BlackElo "1798"]
[PlyCount "41"]
[EventDate "2009.??.??"]

1. d4 d5 2. Nf3 Nf6 3. c4 c6 4. Nc3 Bf5 5. Qb3 Qb6 6. c5 Qxb3 7. axb3 Nbd7 8.
b4 Ne4 9. Bf4 e6 10. e3 Be7 11. h3 O-O 12. b5 Nxc3 13. bxc3 cxb5 14. Bxb5 Nf6
15. O-O Rfc8 16. Be2 Bd8 17. g4 Bg6 18. Ne5 Bc7 19. c6 bxc6 20. Ba6 Rcb8 21.
Nxg6 1-0

[Event "8eme Open International de La Fere"]
[Site "La Fere (FRA)"]
[Date "2009.07.06"]
[Round "3.10"]
[White "Mataigne, Jean-Michel"]
[Black "Venkatesh, M.r"]
[Result "0-1"]
[WhiteElo "2053"]
[BlackElo "2426"]
[PlyCount "60"]
[EventDate "2009.??.??"]

1. e4 c5 2. c3 d6 3. d4 Nf6 4. dxc5 Nc6 5. Bc4 e6 6. Qe2 Nxe4 7. Qxe4 d5 8.
Bxd5 Qxd5 9. Qxd5 exd5 10. Be3 Ne5 11. b4 a5 12. Nf3 Nd3+ 13. Ke2 Nb2 14. Nbd2
b6 15. Rhb1 Na4 16. Bd4 bxc5 17. bxc5 Ba6+ 18. Kd1 Bxc5 19. Kc2 O-O 20. Nb3
Bxd4 21. cxd4 Rac8+ 22. Kd2 Nc3 23. Rc1 Ne4+ 24. Ke3 Rce8 25. Kf4 f6 26. Nxa5
f5 27. Ke3 Nd6+ 28. Kd2 Re2+ 29. Kc3 Rb8 30. Nd2 Rc8+ 0-1

[Event "8eme Open International de La Fere"]
[Site "La Fere (FRA)"]
[Date "2009.07.06"]
[Round "3.11"]
[White "Konguvel, Ponnuswamy"]
[Black "Husson, Cybele"]
[Result "1-0"]
[WhiteElo "2419"]
[BlackElo "2037"]
[PlyCount "91"]
[EventDate "2009.??.??"]

1. e4 Nf6 2. e5 Nd5 3. d4 d6 4. Nf3 dxe5 5. Nxe5 c6 6. Bd3 Nd7 7. Nf3 N7f6 8.
h3 Nb4 9. Be2 Bf5 10. Na3 h6 11. O-O e6 12. c3 Nbd5 13. Nc4 Be7 14. Nce5 O-O
15. c4 Nb6 16. Be3 Rc8 17. Qb3 c5 18. Rfd1 Qe8 19. dxc5 Bxc5 20. Bxc5 Rxc5 21.
Qa3 Rc7 22. Qxa7 Na4 23. Qa5 b6 24. Qb4 Rb7 25. Nd4 Nc5 26. Bf3 Be4 27. Bxe4
Nfxe4 28. Qe1 f6 29. Nef3 e5 30. Nb5 f5 31. b4 Ne6 32. Nd2 Qg6 33. Kh2 Nf4 34.
Qf1 Qg5 35. Nf3 Qe7 36. g3 Ng6 37. Qe1 Ng5 38. Nxg5 hxg5 39. Rd6 Kh7 40. Qe2 g4
41. hxg4 Qg5 42. Kg2 Rbf7 43. Rh1+ Kg8 44. Rh5 Qc1 45. gxf5 Ne7 46. Rd1 1-0

[Event "8eme Open International de La Fere"]
[Site "La Fere (FRA)"]
[Date "2009.07.06"]
[Round "3.12"]
[White "Pytel, Krzysztof"]
[Black "Auroy, Didier"]
[Result "1/2-1/2"]
[WhiteElo "2383"]
[BlackElo "2000"]
[PlyCount "140"]
[EventDate "2009.??.??"]

1. d4 Nf6 2. Nf3 e6 3. c3 c5 4. Bg5 h6 5. Bxf6 Qxf6 6. e4 g6 7. Nbd2 Qe7 8. Be2
Bg7 9. O-O O-O 10. Re1 cxd4 11. Nxd4 Nc6 12. Nc4 Nxd4 13. cxd4 d6 14. Bf3 Rb8
15. Qd2 Rd8 16. Rad1 Bd7 17. g3 Bb5 18. Ne3 Be8 19. Bg2 b5 20. f4 a5 21. h4 h5
22. Qf2 Qa7 23. Qd2 b4 24. Kh1 Ba4 25. b3 Be8 26. f5 Rbc8 27. fxg6 fxg6 28. Nc4
Bf7 29. Rf1 Kh7 30. Qf4 Bg8 31. Nxd6 Rc2 32. e5 Rxa2 33. Qg5 Rxg2 34. Kxg2 Rd7
35. Kh3 Bh6 36. Qf6 Bg7 37. Qf3 a4 38. bxa4 Qxa4 39. Ne4 Qa7 40. Qe3 Kh8 41.
Nf6 Rc7 42. Ne8 Rc8 43. Nxg7 Kxg7 44. Rc1 Rb8 45. Rc5 b3 46. Qc3 Rb7 47. Rb1
Rf7 48. Qxb3 Qa6 49. Rb5 Rf2 50. Rb2 Qa1 51. Rb1 Qxd4 52. Qb4 Qd3 53. Qe7+ Bf7
54. Qg5 Qe2 55. Qf6+ Rxf6 56. exf6+ Kxf6 57. R1b2 Qg4+ 58. Kh2 e5 59. Rf2+ Kg7
60. Rxe5 Be6 61. Rxe6 Qxe6 62. Rf4 Kh6 63. Kg2 Qc6+ 64. Kg1 g5 65. hxg5+ Kxg5
66. Kh2 Qc2+ 67. Kg1 Qd1+ 68. Kg2 Qe2+ 69. Kg1 Qe1+ 70. Kg2 Qe2+ 1/2-1/2

[Event "8eme Open International de La Fere"]
[Site "La Fere (FRA)"]
[Date "2009.07.06"]
[Round "3.13"]
[White "Piankov, Evgenij"]
[Black "Derigny, Philippe"]
[Result "1-0"]
[WhiteElo "2356"]
[BlackElo "1993"]
[PlyCount "157"]
[EventDate "2009.??.??"]

1. d4 Nf6 2. Nf3 d6 3. Bg5 Nbd7 4. Nbd2 h6 5. Bh4 e6 6. e4 Be7 7. Bd3 a6 8. O-O
O-O 9. Qe2 Re8 10. Rfd1 Nf8 11. c4 N6d7 12. Bg3 c5 13. Nb3 Qb6 14. dxc5 Nxc5
15. Nxc5 Qxc5 16. Rac1 e5 17. h3 Ng6 18. Bc2 Be6 19. Bd3 Rab8 20. Nd2 Rec8 21.
Nf1 Nf4 22. Bxf4 exf4 23. Nd2 a5 24. Qf3 Qe5 25. Rc2 b6 26. b3 Kh8 27. Rdc1 Rg8
28. Be2 Rbc8 29. Qd3 Rcf8 30. Nf3 Qc5 31. Nd4 Qc8 32. Rd1 Bd7 33. Bf3 Rd8 34.
Rcd2 Qc5 35. Ne2 Qg5 36. Qd5 Be6 37. Qxg5 hxg5 38. Nd4 Bd7 39. Bg4 Rge8 40.
Bxd7 Rxd7 41. Nb5 Bf8 42. f3 Re6 43. Rd5 f6 44. Kf1 Kg8 45. Nc3 Re5 46. R5d3
Kf7 47. Nb5 Re6 48. Nd4 Re5 49. Ke2 g6 50. Nb5 Re6 51. Kd2 Ke8 52. Kc2 Kd8 53.
a3 Kc8 54. b4 f5 55. exf5 Re2+ 56. R1d2 Rxd2+ 57. Kxd2 axb4 58. axb4 d5 59.
fxg6 dxc4 60. Rxd7 Kxd7 61. Kc3 Ke6 62. Kxc4 Kf6 63. Nc3 Kxg6 64. Nd5 Kh7 65.
Nf6+ Kg6 66. Nd5 Kh5 67. Nf6+ Kh4 68. Ne4 Bg7 69. Kd5 Kh5 70. b5 Kh4 71. Ke6
Bf8 72. Kf6 Bh6 73. Kg6 Bf8 74. Nxg5 Kg3 75. Kf5 Bh6 76. Ne6 Kxg2 77. Kg4 Kf2
78. h4 Ke3 79. Kh5 1-0

[Event "8eme Open International de La Fere"]
[Site "La Fere (FRA)"]
[Date "2009.07.06"]
[Round "3.14"]
[White "Waquet, Frederic"]
[Black "Houriez, Clement"]
[Result "1/2-1/2"]
[WhiteElo "2005"]
[BlackElo "2314"]
[PlyCount "87"]
[EventDate "2009.??.??"]

1. e4 c5 2. b3 Nc6 3. Bb2 d6 4. Bb5 e5 5. Nc3 g6 6. f4 Bg7 7. fxe5 Bxe5 8. Nf3
Bg7 9. Bxc6+ bxc6 10. O-O Ne7 11. Na4 Bxb2 12. Nxb2 O-O 13. Qe1 f6 14. Qh4 Kg7
15. Rae1 a5 16. g4 g5 17. Qg3 Ng6 18. Nc4 Ba6 19. d3 Bxc4 20. bxc4 Rb8 21. Rb1
Qe7 22. Kh1 Qe6 23. h3 Ne5 24. Nxe5 Qxe5 25. Qxe5 fxe5 26. Kg2 Rb4 27. Rb3 a4
28. Rxb4 cxb4 29. Rb1 Rb8 30. Kf3 Kf6 31. Ke3 Ke6 32. Rf1 h5 33. Rh1 Rh8 34.
gxh5 Rxh5 35. Kf3 Rh4 36. Rb1 c5 37. Kg3 Rf4 38. Re1 Rf7 39. Rb1 Rf8 40. Re1
Rf7 41. Rb1 Rf8 42. Re1 Kd7 43. Rc1 Kc6 44. Kg4 1/2-1/2

[Event "8eme Open International de La Fere"]
[Site "La Fere (FRA)"]
[Date "2009.07.06"]
[Round "3.15"]
[White "Sandu, Mihaela"]
[Black "Boudier, Eric"]
[Result "1-0"]
[WhiteElo "2312"]
[BlackElo "1883"]
[PlyCount "69"]
[EventDate "2009.??.??"]

1. e4 d5 2. exd5 Nf6 3. d4 Bg4 4. Nf3 Bxf3 5. Qxf3 Qxd5 6. Qxd5 Nxd5 7. Bc4 e6
8. O-O Bd6 9. Nd2 Nc6 10. c3 Na5 11. Be2 O-O 12. Ne4 Be7 13. Bd2 Nc6 14. Bb5
Rab8 15. a4 a6 16. Be2 Rfd8 17. b4 Ndxb4 18. cxb4 Rxd4 19. f3 f5 20. b5 axb5
21. axb5 Rxd2 22. Nxd2 Nd4 23. Bc4 Bc5 24. Kh1 Kf7 25. Nb3 Nxb3 26. Bxb3 Kf6
27. Rad1 Ra8 28. Rfe1 e5 29. g4 Ra3 30. Bd5 b6 31. gxf5 Kxf5 32. Be4+ Kf4 33.
Rd7 Bf2 34. Rf7+ Kg5 35. Re2 1-0

[Event "8eme Open International de La Fere"]
[Site "La Fere (FRA)"]
[Date "2009.07.06"]
[Round "3.16"]
[White "Pytel, Bozena"]
[Black "Bannink, Bernard"]
[Result "0-1"]
[WhiteElo "1957"]
[BlackElo "2277"]
[PlyCount "78"]
[EventDate "2009.??.??"]

1. Nf3 d5 2. d4 Nf6 3. c3 g6 4. Bg5 Bg7 5. Nbd2 c6 6. e3 h6 7. Bh4 Bf5 8. Qb3
Qb6 9. Qxb6 axb6 10. Be2 b5 11. O-O Nbd7 12. Bg3 g5 13. Ne5 h5 14. f4 g4 15.
Bh4 Ne4 16. Nxe4 Bxe4 17. Kf2 Nf8 18. Kg1 e6 19. h3 f6 20. Nd3 Bf5 21. hxg4
hxg4 22. Bg3 Nd7 23. Kf2 Bf8 24. a3 Be7 25. Rh1 Kf7 26. Rh4 Rxh4 27. Bxh4 Rh8
28. Bg3 Nb6 29. b4 Nc4 30. Nc5 Nd6 31. Kg1 b6 32. Nb3 Bc2 33. Nd2 f5 34. Bd1
Bxd1 35. Rxd1 Ra8 36. Ra1 Ke8 37. Kf2 Kd7 38. Ke2 c5 39. Kd3 Nc4 0-1

[Event "8eme Open International de La Fere"]
[Site "La Fere (FRA)"]
[Date "2009.07.06"]
[Round "3.17"]
[White "Videnova, Iva"]
[Black "Obert, Julien"]
[Result "1/2-1/2"]
[WhiteElo "2197"]
[BlackElo "1790"]
[PlyCount "84"]
[EventDate "2009.??.??"]

1. e4 c5 2. Nf3 d6 3. d4 cxd4 4. Nxd4 Nf6 5. Nc3 g6 6. Be3 Bg7 7. f3 O-O 8. Bc4
Nc6 9. Qd2 Bd7 10. O-O-O Ne5 11. Bb3 Qa5 12. Kb1 Rfc8 13. Bg5 Nc4 14. Bxc4 Rxc4
15. Nb3 Qa6 16. h4 Be6 17. h5 Rac8 18. hxg6 hxg6 19. Bh6 Bh8 20. g4 Rxc3 21.
bxc3 Bxg4 22. Bf8 Rxf8 23. Rxh8+ Kxh8 24. Qh6+ Kg8 25. fxg4 Nxg4 26. Qh4 Nf6
27. Rh1 Nh5 28. Qxe7 Qc6 29. Qg5 Kh7 30. Nd4 Qxc3 31. Nf5 Qb4+ 32. Kc1 Qa3+ 33.
Kd1 Qf3+ 34. Kd2 Qf2+ 35. Kc1 Kg8 36. Kb1 Qb6+ 37. Kc1 Qf2 38. Ne7+ Kg7 39.
Nf5+ Kg8 40. Kb1 Qb6+ 41. Ka1 Qc5 42. Rxh5 Qc3+ 1/2-1/2

[Event "8eme Open International de La Fere"]
[Site "La Fere (FRA)"]
[Date "2009.07.06"]
[Round "3.18"]
[White "Delorme, Laurie"]
[Black "Durot, Edwige"]
[Result "1-0"]
[WhiteElo "2152"]
[BlackElo "1741"]
[PlyCount "49"]
[EventDate "2009.??.??"]

1. d4 d5 2. c4 c6 3. Nf3 Nf6 4. Nc3 dxc4 5. e4 b5 6. e5 Nd5 7. a4 Nxc3 8. bxc3
Bg4 9. axb5 cxb5 10. h3 Bh5 11. e6 fxe6 12. Be2 Qd5 13. O-O Nc6 14. Ng5 Bxe2
15. Qxe2 Nd8 16. Re1 Kd7 17. Ra6 g6 18. Nxe6 Nxe6 19. Rxe6 Re8 20. Re5 Qc6 21.
Rc5 Qb6 22. Qe5 Rg8 23. Rxb5 Bg7 24. Qd5+ Qd6 25. Qb7+ 1-0

[Event "8eme Open International de La Fere"]
[Site "La Fere (FRA)"]
[Date "2009.07.06"]
[Round "3.19"]
[White "Soveaux, Jean"]
[Black "Noiroux, Kevin"]
[Result "0-1"]
[WhiteElo "1947"]
[BlackElo "2145"]
[PlyCount "58"]
[EventDate "2009.??.??"]

1. e4 d5 2. exd5 Qxd5 3. Nc3 Qa5 4. d4 Nf6 5. Bd2 Bg4 6. Nf3 Nbd7 7. Be2 e6 8.
a3 c6 9. b4 Qc7 10. O-O Bd6 11. g3 h5 12. Ne5 Nxe5 13. dxe5 Bxe5 14. f4 Bd4+
15. Kg2 O-O-O 16. Qe1 c5 17. Bf3 Bxf3+ 18. Rxf3 h4 19. Nb5 h3+ 20. Kh1 Qd7 21.
Nxd4 Qxd4 22. Be3 Qe4 23. Qf1 Ng4 24. Bxc5 Rd2 25. Bg1 Nf2+ 26. Bxf2 Qxf3+ 27.
Kg1 Rhd8 28. Re1 Rxc2 29. Rc1 Qxf2+ 0-1

[Event "8eme Open International de La Fere"]
[Site "La Fere (FRA)"]
[Date "2009.07.06"]
[Round "3.20"]
[White "Ahlers, Ben"]
[Black "Khalfaoui, Mathias"]
[Result "1-0"]
[WhiteElo "2136"]
[BlackElo "1680"]
[PlyCount "53"]
[EventDate "2009.??.??"]

1. e4 e5 2. Nf3 Nc6 3. Bb5 a6 4. Ba4 Nf6 5. O-O b5 6. Bb3 Be7 7. Re1 O-O 8. c3
d6 9. h3 Bb7 10. d4 exd4 11. cxd4 h6 12. a3 Na5 13. Bc2 c5 14. d5 Nc4 15. Nbd2
Nxd2 16. Bxd2 Re8 17. Bf4 Bf8 18. Qd3 g6 19. a4 c4 20. Qd2 Kh7 21. Qb4 Qd7 22.
axb5 axb5 23. Rxa8 Rxa8 24. Nd4 Ba6 25. Ra1 Ne8 26. Nxb5 Rb8 27. Rxa6 1-0

[Event "8eme Open International de La Fere"]
[Site "La Fere (FRA)"]
[Date "2009.07.06"]
[Round "3.21"]
[White "Neumair, Cedric"]
[Black "Broekman, Willem"]
[Result "0-1"]
[WhiteElo "1845"]
[BlackElo "2129"]
[PlyCount "58"]
[EventDate "2009.??.??"]

1. d4 e6 2. c4 Nf6 3. Nf3 d5 4. cxd5 exd5 5. Bg5 Be7 6. Nc3 c6 7. e3 O-O 8. Bd3
Nbd7 9. Qc2 Re8 10. O-O Nf8 11. Bxf6 Bxf6 12. b4 a6 13. a4 Bg4 14. Nd2 Rc8 15.
Nb3 Bh5 16. b5 axb5 17. axb5 Bg6 18. Bxg6 Nxg6 19. bxc6 Rxc6 20. Qb2 Nh4 21.
Rfc1 Be7 22. Ne2 Rh6 23. Nc5 Bd6 24. Ng3 Qe7 25. Ra7 Bxg3 26. hxg3 Nf5 27. Qxb7
Nxg3 28. fxg3 Qxe3+ 29. Kf1 Rf6# 0-1

[Event "8eme Open International de La Fere"]
[Site "La Fere (FRA)"]
[Date "2009.07.06"]
[Round "3.22"]
[White "Belloc, Sidonie"]
[Black "Noordhoek, Henk"]
[Result "0-1"]
[WhiteElo "1792"]
[BlackElo "2080"]
[PlyCount "102"]
[EventDate "2009.??.??"]

1. e4 Nf6 2. Nc3 d5 3. exd5 Nxd5 4. Nxd5 Qxd5 5. d4 g6 6. c3 Bg7 7. Qf3 Be6 8.
Bd3 c6 9. Bf4 Nd7 10. Be4 Qa5 11. Ne2 O-O 12. O-O Nf6 13. Nc1 Nxe4 14. Qxe4 Qf5
15. f3 Rfe8 16. Re1 Qb5 17. b3 Rad8 18. Qe2 Qa5 19. Qe3 Bf5 20. g4 Bc8 21. Ne2
Qd5 22. Rad1 f6 23. Bg3 Qf7 24. h3 b6 25. Nc1 Rd7 26. Qe6 Qxe6 27. Rxe6 Rxd4
28. Rxd4 Bxe6 29. Ne2 Bd5 30. Rd3 e5 31. c4 Be6 32. Nc3 Bf8 33. Ne4 Be7 34. f4
exf4 35. Bxf4 Rd8 36. Rxd8+ Bxd8 37. Kg2 Kf7 38. Bb8 a6 39. Bg3 f5 40. gxf5
Bxf5 41. Nd6+ Ke6 42. Nxf5 Kxf5 43. Kf3 g5 44. Bd6 Bf6 45. Bc7 Bd4 46. Bd6 h5
47. Bc7 g4+ 48. hxg4+ hxg4+ 49. Kg2 b5 50. cxb5 cxb5 51. Bg3 Ke4 0-1

[Event "8eme Open International de La Fere"]
[Site "La Fere (FRA)"]
[Date "2009.07.06"]
[Round "3.23"]
[White "Thomas, Olivier"]
[Black "Ruhant, Anthony"]
[Result "1-0"]
[WhiteElo "2068"]
[BlackElo "1648"]
[PlyCount "137"]
[EventDate "2009.??.??"]

1. e4 e5 2. Nc3 Nc6 3. Bc4 Nf6 4. d3 d6 5. f4 Be7 6. Nf3 h6 7. Nd5 Bg4 8. h3
Bxf3 9. Qxf3 Qd7 10. Nxe7 Qxe7 11. c3 a6 12. O-O Na5 13. Bb3 Nxb3 14. axb3
O-O-O 15. c4 Nd7 16. b4 Nb6 17. Be3 f6 18. Qf2 Kd7 19. Bxb6 cxb6 20. Qxb6 Ke8
21. b5 axb5 22. Qxb5+ Qd7 23. Qxd7+ Kxd7 24. f5 Rb8 25. Ra7 Kc7 26. b4 Ra8 27.
Rfa1 Rxa7 28. Rxa7 g6 29. fxg6 Kb8 30. Ra2 Rg8 31. Rf2 Rxg6 32. Rf3 Kc7 33. Kf2
Kd7 34. Rg3 Rg5 35. h4 Rh5 36. Rg7+ Kc8 37. g3 f5 38. Rf7 f4 39. Rf5 Rxf5 40.
exf5 fxg3+ 41. Kxg3 h5 42. Kf3 Kd7 43. Ke4 Ke7 44. Kd5 Kf6 45. Kxd6 Kxf5 46. c5
e4 47. dxe4+ Kxe4 48. Kc7 Kf4 49. Kxb7 Kg4 50. c6 Kxh4 51. c7 Kg3 52. c8=Q h4
53. b5 h3 54. Qxh3+ Kxh3 55. Kc6 Kg4 56. b6 Kf4 57. b7 Ke4 58. b8=Q Kd4 59. Qb5
Kc3 60. Qa4 Kb2 61. Qh4 Kc3 62. Kc5 Kb2 63. Qh3 Kc2 64. Kd4 Kb2 65. Kc4 Ka2 66.
Kb4 Kb1 67. Qh2 Kc1 68. Kc3 Kb1 69. Qb2# 1-0

[Event "8eme Open International de La Fere"]
[Site "La Fere (FRA)"]
[Date "2009.07.06"]
[Round "3.24"]
[White "Rouffignac, Tanguy"]
[Black "Cozette, Michael"]
[Result "1-0"]
[WhiteElo "1740"]
[BlackElo "2020"]
[PlyCount "113"]
[EventDate "2009.??.??"]

1. e4 c5 2. Nf3 d6 3. d4 cxd4 4. Nxd4 Nf6 5. Nc3 a6 6. Be2 e5 7. Nb3 Be7 8. Bg5
Be6 9. Bxf6 Bxf6 10. Qd3 Nc6 11. O-O-O Be7 12. Kb1 Rc8 13. g3 b5 14. f4 b4 15.
Nd5 Bxd5 16. exd5 Nb8 17. fxe5 dxe5 18. Bg4 Nd7 19. Qxa6 O-O 20. d6 Bg5 21. h4
Bh6 22. Bxd7 Qxd7 23. Qa5 Qf5 24. Na1 b3 25. axb3 Ra8 26. Qd5 Qd7 27. c4 Qa7
28. d7 Qxa1+ 29. Kc2 Bc1 30. Rxc1 Qa7 31. Rcd1 Qf2+ 32. Rd2 Qf5+ 33. Rd3 Rad8
34. Rhd1 h6 35. c5 Qf2+ 36. R1d2 Qe1 37. Rd1 Qf2+ 38. Kc3 e4 39. Qxe4 Qxc5+ 40.
Qc4 Qe5+ 41. Kc2 Qf5 42. Qd5 Qf2+ 43. R1d2 Qb6 44. Qd6 Qb5 45. Kc3 Qa5+ 46. b4
Qa1 47. b5 Qa5+ 48. Kc4 Qa2+ 49. b3 Qa8 50. b4 Qe4+ 51. Rd4 Qb1 52. b6 Qc1+ 53.
Kb5 Qf1+ 54. R2d3 f5 55. b7 Qc1 56. Rc4 Qf1 57. Rc8 1-0

[Event "8eme Open International de La Fere"]
[Site "La Fere (FRA)"]
[Date "2009.07.06"]
[Round "3.25"]
[White "Forthofer, Robert"]
[Black "Feryn, Benjamin"]
[Result "1-0"]
[WhiteElo "2263"]
[BlackElo "1954"]
[PlyCount "59"]
[EventDate "2009.??.??"]

1. e4 e5 2. Nf3 Nc6 3. Bb5 Nge7 4. O-O g6 5. d4 exd4 6. Nxd4 Bg7 7. Be3 O-O 8.
Nc3 a6 9. Bc4 b5 10. Bb3 Bb7 11. a4 bxa4 12. Rxa4 d6 13. f4 Qd7 14. f5 Nxd4 15.
Bxd4 Nc6 16. Bxg7 Kxg7 17. f6+ Kh8 18. Qd2 Ne5 19. Qh6 Rg8 20. Qg5 Qc6 21. Rf4
Qc5+ 22. Kh1 Qe3 23. h3 Rae8 24. Ra3 c6 25. Kh2 Bc8 26. Ra1 Bxh3 27. Rh1 Be6
28. Nd1 Qd2 29. Kg3 Nd3 30. Rxh7+ 1-0